000 00526nam a2200157Ia 4500
008 100122s9999 xx 000 0 und d
082 _b73185
_a820.9
100 _aजाधव रा ग
245 _aवाडमयीन परिप्रेक्ष्य
250 _a1
260 _bस्वरुप प्रकाशन
_c2004
300 _a142
630 _aवाडमयीन परिप्रेक्ष्य
730 _aवाडमयीन परिप्रेक्ष्य
942 _cBOOK
999 _c389121
_d389118